Anglais, Espéranto ou les deux ? - Statistiques

Statistiques générales
  • Ce quiz a été pris 35 fois
  • Le résultat moyen est 6 sur 10
Statistiques - réponses
Question Réponse % Correct
Amik ? Espéranto
89%
Kaf ? Espéranto
85%
Computer ? Anglais
74%
Liber ? Espéranto
74%
Nov ? Espéranto
74%
Dom ? Espéranto
70%
Music ? Anglais
59%
Sun ? Les deux
44%
Telephone ? Anglais
37%
Bird ? Les deux
30%
Aucun quiz correspondant
Distribution des résultats
% des personnes avec chaque résultat
Percentile par nombre de réponses
Votre historique - résultats
Vous n’avez pas pris ce quiz